000 00247nam a2200109Ia 4500
008 190912s9999||||xx |||||||||||||| ||und||
100 _aManuel G.
245 0 _aBusiness Ethics
260 _aUSA
_bPrentice Hall
_c1992
300 _a448
942 _cBK
999 _c7251
_d7251